| 000 | 00363nam a22001697a 4500 | ||
|---|---|---|---|
| 005 | 20260609110654.0 | ||
| 020 | _a978-93-90491-72-8 | ||
| 041 | _aEnglish | ||
| 082 | _a001 R24 LAX | ||
| 100 | _aLaxmikanth.M | ||
| 245 | _aGovernance in India | ||
| 250 | _a3 | ||
| 260 |
_aNew Delhi _bMcGraw Hill _c2024 |
||
| 300 | _a448 | ||
| 365 | _b675.00 | ||
| 942 | _cBK | ||
| 999 |
_c177670 _d177670 |
||